00821nam a22002177a 4500003000900000008004100009020002200050040007100072082002000143100002900163245013600192260007100328300006100399440001100460650002000471650001500491650001600506650002000522700003200542700002900574AR-CdUCM190409b ||||| |||| 00| 0 spa d a978-612-47327-1-3 aMUNICIPALIDAD PROVINCIAL DEL CUSCOcBIBLIOTECA MUNICIPAL DEL CUSCO aEP / 372 /bN25 aVentura Valle, Mántaro aMis narraciones cuentos y mitos seleccionados II :b6to grado primaria "con actividades para el plan lector español - quechua " / aCusco :bRepresentaciones generales y servicios americanos,c2016. a240 paginas ;bIlustraciones, graficos, dibujos,c25 cm. aRegesa aTexto Educativo aLiteratura aEducación aCuentos y mitos aPino Castro, Carlos Alberto aAlvarez Espinoza, Farfan